|
|
|
|
| LEADER |
00000nam0a2200000 4500 |
| 001 |
196681 |
| 005 |
20231031183207.0 |
| 035 |
|
|
|a (RuTPU)RU\TPU\book\214555
|
| 090 |
|
|
|a 196681
|
| 100 |
|
|
|a 20110526d1928 m y0rusy50 ca
|
| 101 |
1 |
|
|a rus
|c ger
|
| 102 |
|
|
|a RU
|
| 105 |
|
|
|a a j 000zy
|
| 200 |
1 |
|
|a Конструирование дизелей (окончание)
|e учебное пособие для втузов
|e пер. с нем.
|f К. Кернер
|h Вып. 3: Четырехтактные двигатели
|
| 210 |
|
|
|a Ленинград
|c Изд-во "Техника и производство"
|d 1928
|
| 215 |
|
|
|a 504 с.
|c ил.
|
| 610 |
1 |
|
|a дизели
|
| 610 |
1 |
|
|a топливные насосы
|
| 610 |
1 |
|
|a регулирование
|
| 610 |
1 |
|
|a компрессоры
|
| 610 |
1 |
|
|a топливные баки
|
| 610 |
1 |
|
|a трубопроводы
|
| 610 |
1 |
|
|a воздушные баллоны
|
| 610 |
1 |
|
|a учебные пособия
|
| 675 |
|
|
|a 621.43.73.001(075.8)
|v 3
|
| 700 |
|
1 |
|a Кернер
|b К.
|g Камилло
|
| 801 |
|
1 |
|a RU
|b 63413507
|c 20110526
|
| 801 |
|
2 |
|a RU
|b 63413507
|c 20110902
|g RCR
|
| 942 |
|
|
|c BK
|